[Event "N4-R2-Loures Barousse-Colomiers"]
[Site "?"]
[Date "2004.11.07"]
[Round "2"]
[White "Alladaye, René"]
[Black "Bricard, Hervé"]
[Result "0-1"]
[WhiteElo "1780"]
[BlackElo "2129"]
[EventDate "2004.11.08"]
[PlyCount "77"]

1.e4 Nc6 2.d3 e5 3.Nf3 Nf6 4.Bg5 Be7 5.g3 h6 6.Bd2 d5 7.exd5 Nxd5 8.Nc3 
Be6 9.Bg2 Qd7 10.a3 O-O-O 11.Qe2 f6 12.O-O-O Rhe8 13.Rhe1 g5 14.Qf1 Kb8 
15.Qh1 Bc5 16.Qf1 Bg8 17.Na4 Bf8 18.Nc3 Nb6 19.Kb1 Qf7 20.Ng1 Nd4 21.Nge2 
Na4 22.Nc1 Qd7 23.Qh1 c5 24.h4 g4 25.Be4 Re6 26.Nb3 Rb6 27.Nxa4 Qxa4 28.
Ba5 Rxb3 29.cxb3 Qxa5 30.Bxb7 Bxb3 31.Rc1 Qb6 32.Be4 f5 33.Bg2 Bg7 34.Rc3 
e4 35.dxe4 Nc2 36.e5 Nxe1 37.Qxe1 Rd1+ 38.Rc1 Rxe1 39.Rxe1 0-1

[Event "Castel/Moissac-Montauban"]
[Site "Montauban"]
[Date "2004.11.07"]
[Round "2"]
[White "Sangoi, Jean-Jacques"]
[Black "Lecoultre, Patrick"]
[Result "0-1"]
[WhiteElo "1840"]
[BlackElo "1753"]
[EventDate "2004.11.08"]
[PlyCount "72"]

1.d4 Nf6 2.c4 c5 3.d5 g6 4.Nc3 Bg7 5.e4 d6 6.Bd3 O-O 7.Nge2 e6 8.O-O exd5 
9.exd5 Re8 10.Bg5 Na6 11.a3 Nc7 12.Qd2 Qd7 13.Bh6 Bh8 14.Rae1 Ng4 15.Bg5 
Ne5 16.Ng3 Qg4 17.Re4 Qd7 18.Rfe1 f6 19.Bf4 a6 20.b3 b5 21.Bxe5 fxe5 22.
Qg5 Rf8 23.h3 bxc4 24.bxc4 Rb8 25.Bc2 Qf7 26.R1e2 Bf6 27.Qc1 Ne8 28.Qe1 
Ng7 29.R4e3 Bf5 30.Nge4 Bxe4 31.Nxe4 Nf5 32.Nxf6+ Qxf6 33.Rf3 Qg5 34.Bxf5 
Rxf5 35.Rxf5 Qxf5 36.Re3 Rb1 0-1

[Event "Castel/Moissac-Montauban"]
[Site "Montauban"]
[Date "2004.11.07"]
[Round "2"]
[White "Ravon, Michel"]
[Black "Vainguer, Guillaume"]
[Result "0-1"]
[WhiteElo "1600"]
[BlackElo "1720"]
[EventDate "2004.11.08"]
[PlyCount "64"]

1.Nf3 Nc6 2.d4 d5 3.e3 Nf6 4.b3 Bg4 5.Be2 e6 6.O-O Bd6 7.c4 Ne4 8.c5 Be7 
9.a3 O-O 10.Bb2 a6 11.b4 f5 12.Nbd2 Bh5 13.Ne5 Bxe2 14.Qxe2 Nxe5 15.dxe5 
f4 16.exf4 Rxf4 17.g3 Nxd2 18.Qxd2 Rc4 19.Rac1 b5 20.Rc3 c6 21.f4 Qe8 22.
f5 exf5 23.Rxf5 g6 24.Rf1 Qd7 25.Rcf3 Rf8 26.Rxf8+ Bxf8 27.Rf6 Be7 28.e6 
Qd8 29.Rf7 Bf8 30.Qf2 Re4 31.Bf6 Qe8 32.Ba1 Rxe6 0-1

[Event "Castel/Moissac-Montauban"]
[Site "Montauban"]
[Date "2004.11.07"]
[Round "2"]
[White "Prieur, Axel"]
[Black "Le Ligeour, Yann"]
[Result "0-1"]
[WhiteElo "1700"]
[BlackElo "1550"]
[EventDate "2004.11.08"]
[PlyCount "108"]

1.e4 c5 2.Ne2 d6 3.d4 cxd4 4.Nxd4 Nf6 5.Nc3 a6 6.Bd3 g6 7.O-O Bg7 8.Be3 b5
9.b4 Qc7 10.Qd2 Bb7 11.f3 Nbd7 12.a4 Rc8 13.Nce2 bxa4 14.Rxa4 Nb6 15.Ra2 
Nc4 16.Qc1 Nd7 17.Bh6 O-O 18.Bxg7 Kxg7 19.Nf4 Kg8 20.Kh1 e5 21.Nfe6 fxe6 
22.Nxe6 Qb6 23.Nxf8 Nxf8 24.c3 Ne6 25.g3 d5 26.Re1 Qb5 27.Ra5 Qd7 28.Bxc4 
Rxc4 29.exd5 Bxd5 30.Qe3 Qc6 31.Rc1 Bxf3+ 32.Kg1 e4 33.Kf2 Nc7 34.Ke1 Nb5 
35.Kd2 Qd6+ 36.Ke1 Qf6 37.Kd2 Qd6+ 38.Ke1 Rxc3 39.Rxc3 Nxc3 40.Ra1 Qxb4 
41.Kf1 Qb2 42.Rc1 Qe2+ 43.Qxe2 Nxe2 44.Ra1 Kg7 45.Rxa6 Kh6 46.Rc6 Kg5 47.
Kf2 Nd4 48.Rc7 h5 49.Rc4 Nf5 50.h3 Nxg3 51.Kxg3 h4+ 52.Kf2 Kf4 53.Rc6 e3+ 
54.Ke1 Bxc6 0-1

[Event "Castel/Moissac-Montauban"]
[Site "Montauban"]
[Date "2004.11.07"]
[Round "2"]
[White "Lacroix, Romain"]
[Black "Canivet, Christophe"]
[Result "1-0"]
[WhiteElo "2065"]
[BlackElo "1954"]
[EventDate "2004.11.08"]
[PlyCount "179"]

1.e4 e5 2.Nf3 Bc5 3.Nxe5 Qh4 4.Qe2 Nc6 5.Nf3 Qe7 6.c3 d6 7.d4 Bb6 8.Bg5 f6
9.Bf4 Bg4 10.Nbd2 O-O-O 11.O-O-O Qd7 12.Nc4 Na5 13.Nxa5 Bxa5 14.Qb5 Qxb5 
15.Bxb5 Bxf3 16.gxf3 Ne7 17.h4 c6 18.Bd3 Bc7 19.Rdg1 g6 20.Kd2 h6 21.Rg2 
g5 22.Be3 Rdf8 23.f4 d5 24.hxg5 dxe4 25.Bxe4 f5 26.Bf3 hxg5 27.Rxh8 Rxh8 
28.Rxg5 Rh4 29.Rh5 Rxh5 30.Bxh5 Nd5 31.Bg6 Ne7 32.Bf7 Kd7 33.Kd3 Nd5 34.
Bxd5 cxd5 35.a4 Kc6 36.Bd2 a6 37.Ke3 b5 38.axb5+ axb5 39.Kf3 Bd8 40.b3 Bf6
41.Ke3 Be7 42.f3 Bh4 43.Ke2 Bf6 44.Be1 Be7 45.Kd3 Bd6 46.Bd2 Be7 47.c4 Bd8
48.Bb4 Bc7 49.cxd5+ Kxd5 50.Bc5 Bxf4 51.Kc3 Kc6 52.Be7 Be3 53.Bf6 f4 54.
Be5 Bc1 55.Kd3 Kd5 56.Bf6 Be3 57.Bg5 Bc1 58.Be7 Be3 59.Bc5 Bc1 60.Bb4 Be3 
61.Bc3 Bc1 62.Ba1 b4 63.Ke2 Be3 64.Bb2 Bg1 65.Kd3 Be3 66.Kc2 Bf2 67.Bc1 
Bxd4 68.Bxf4 Bc5 69.Kd3 Be7 70.Bh6 Bd6 71.Bg7 Be7 72.Ke3 Bc5+ 73.Kd3 Be7 
74.f4 Ke6 75.Ke4 Kf7 76.Bd4 Bd6 77.Be5 Bf8 78.Kd5 Bh6 79.Kc5 Ke6 80.Kxb4 
Kd5 81.Kb5 Bf8 82.b4 Be7 83.Ka5 Kc6 84.b5+ Kb7 85.Bg7 Bd8+ 86.Ka4 Bc7 87.
f5 Bd6 88.Bd4 Be7 89.f6 Bf8 90.f7 1-0

[Event "Castel/Moissac-Montauban"]
[Site "Montauban"]
[Date "2004.11.07"]
[Round "2"]
[White "Gilabert, David"]
[Black "Catala, Laurent"]
[Result "0-1"]
[WhiteElo "1720"]
[BlackElo "1880"]
[EventDate "2004.11.08"]
[PlyCount "124"]

1.f4 d5 2.d4 Bf5 3.Nf3 Nf6 4.e3 e6 5.c3 Be7 6.Qb3 b6 7.Ne5 O-O 8.Bb5 c5 9.
Bc6 Nxc6 10.Nxc6 Qc7 11.Nxe7+ Qxe7 12.O-O cxd4 13.cxd4 Ne4 14.Nd2 Rac8 15.
Nxe4 Bxe4 16.Rf2 Rc7 17.Bd2 Rfc8 18.Bc3 Rb7 19.a4 Rc4 20.Qd1 Qe8 21.h3 f5 
22.Kh2 Rf7 23.Qb3 Rf6 24.Qb5 Qxb5 25.axb5 Rc7 26.Bb4 Rff7 27.Bd6 Rcd7 28.
Be5 Bd3 29.Rc1 Bxb5 30.Rfc2 Bc4 31.Rc3 h6 32.b3 Bb5 33.Rc8+ Rf8 34.Rxf8+ 
Kxf8 35.Rc8+ Kf7 36.b4 Rb7 37.h4 a5 38.bxa5 bxa5 39.Rc7+ Rxc7 40.Bxc7 a4 
41.Bd6 Ke8 42.Kg3 Kd7 43.Bb4 Kc6 44.Kf2 Bd3 45.Ke1 Kb5 46.Bc5 Kc4 47.Kd2 
Be4 48.g3 Kb3 49.Kc1 a3 50.Bxa3 Kxa3 51.Kd2 Kb2 52.Ke2 Kc2 53.h5 Kc1 54.
Kf2 Kd2 55.g4 fxg4 56.Kg3 Kxe3 57.Kxg4 Bf3+ 58.Kg3 Bxh5 59.f5 exf5 60.Kg2 
f4 61.Kf1 f3 62.Ke1 f2+ 0-1

[Event "Castel/Moissac-Montauban"]
[Site "Montauban"]
[Date "2004.11.07"]
[Round "2"]
[White "Dirat, Sylvain"]
[Black "Nougayrede, Jean-Louis"]
[Result "1/2-1/2"]
[WhiteElo "1760"]
[BlackElo "1670"]
[EventDate "2004.11.08"]
[PlyCount "80"]

1.d4 d5 2.Bg5 g6 3.Nc3 Bg7 4.e3 Nf6 5.Qf3 c6 6.h3 Bf5 7.Bd3 Bxd3 8.cxd3 
Nbd7 9.Nge2 O-O 10.O-O h6 11.Bf4 Nh5 12.Bh2 f5 13.Nf4 Nxf4 14.Qxf4 Kh7 15.
Qc7 Qxc7 16.Bxc7 Rac8 17.Bh2 e5 18.dxe5 Nxe5 19.d4 Nc4 20.b3 Nd2 21.Rfd1 
Ne4 22.Ne2 Rfe8 23.Rac1 a6 24.Rc2 Ng5 25.Rdc1 Rcd8 26.Nc3 Ne6 27.Ne2 Rf8 
28.Nf4 Rfe8 29.Nxe6 Rxe6 30.Bc7 Rde8 31.Bb6 Re4 32.g3 h5 33.h4 Bf6 34.Bc7 
g5 35.hxg5 Bxg5 36.Kg2 Kg6 37.Be5 Bf6 38.Bxf6 Kxf6 39.Rh1 Rh8 40.Re1 Kg6 
1/2-1/2

[Event "Castel/Moissac-Montauban"]
[Site "Montauban"]
[Date "2004.11.07"]
[Round "2"]
[White "Delpy, Pierre"]
[Black "Haddab, Roland"]
[Result "1/2-1/2"]
[WhiteElo "1510"]
[BlackElo "1640"]
[EventDate "2004.11.08"]
[PlyCount "102"]

1.e4 e5 2.Nf3 Nc6 3.Bc4 Nf6 4.Ng5 d5 5.exd5 Na5 6.Bb5+ c6 7.dxc6 bxc6 8.
Bd3 Be7 9.O-O O-O 10.b3 h6 11.Ne4 Nxe4 12.Bxe4 f5 13.Bf3 e4 14.Be2 f4 15.
f3 Qd4+ 16.Kh1 Qxa1 17.Nc3 Bf6 18.Nxe4 Qe5 19.c3 Bf5 20.d4 Qc7 21.Bd3 Be7 
22.Qc2 Bd6 23.Bd2 Nb7 24.c4 c5 25.d5 Nd8 26.a3 Kh8 27.b4 cxb4 28.axb4 Bxe4
29.fxe4 Be5 30.c5 Rc8 31.Ba6 Rb8 32.Qd3 Nf7 33.Rc1 Rfd8 34.b5 Kh7 35.Bb4 
Rb6 36.Ba5 Nd6 37.Qf1 Nxe4 38.cxb6 Qf7 39.bxa7 Ng3+ 40.hxg3 Qh5+ 41.Kg1 
Bd4+ 42.Qf2 Bxf2+ 43.Kxf2 fxg3+ 44.Kxg3 Qg5+ 45.Kh3 Qxd5 46.Bxd8 Qxd8 47.
Bc8 Qd3+ 48.g3 Qd5 49.b6 Qh5+ 50.Kg2 Qe2+ 51.Kh3 Qh5+ 1/2-1/2

[Event "Castel/Moissac-Montauban"]
[Site "Montauban"]
[Date "2004.11.07"]
[Round "2"]
[White "De Jong, Argen"]
[Black "Riviere, Frederic"]
[Result "1-0"]
[WhiteElo "1870"]
[BlackElo "1690"]
[EventDate "2004.11.08"]
[PlyCount "117"]

1.e4 e5 2.Nf3 Nc6 3.Bb5 d6 4.O-O Nf6 5.Re1 Bg4 6.c3 Be7 7.d4 exd4 8.cxd4 
O-O 9.d5 Ne5 10.Be2 Bxf3 11.Bxf3 Nfd7 12.Bg4 Nc5 13.Re3 Bg5 14.Rh3 Bxc1 
15.Qxc1 Nxg4 16.Nc3 Qf6 17.Qc2 Rae8 18.Rf1 h6 19.Qe2 Ne5 20.f4 Ng6 21.Qe3 
b6 22.Kh1 Re7 23.b4 Nxe4 24.Nxe4 Qf5 25.Ng3 Rxe3 26.Nxf5 Rxh3 27.gxh3 Re8 
28.Kg2 Re2+ 29.Kg3 Kf8 30.Rc1 Ne7 31.Nd4 Rd2 32.Nf3 Rxa2 33.Rxc7 Nxd5 34.
Rd7 Ne3 35.Nd4 Rd2 36.Nc6 f6 37.Rxa7 Nf5+ 38.Kf3 Rc2 39.Ke4 Rxc6 40.Kxf5 
Rc4 41.Ra8+ Ke7 42.Ra7+ Kf8 43.Ra8+ Kf7 44.Ra7+ Kf8 45.Ra8+ Ke7 46.Ra7+ 
Kd8 47.Rxg7 Rxb4 48.Rg6 h5 49.Rxf6 Ke7 50.Rh6 Rb1 51.Rh7+ Kd8 52.Ke6 Rd1 
53.f5 b5 54.f6 b4 55.Rb7 Rd4 56.f7 Rf4 57.Kxd6 Kc8 58.Re7 Kd8 59.Re8# 1-0

[Event "R1-Tournefeuille3-Colomiers2"]
[Site "Colomiers"]
[Date "2004.11.07"]
[Round "2.6"]
[White "Avdagic, Faris"]
[Black "Vanden-Breeden, Christian"]
[Result "0-1"]
[WhiteElo "1440"]
[BlackElo "1410"]
[EventDate "2004.??.??"]
[PlyCount "138"]

1.e4 e6 2.Nf3 d5 3.exd5 exd5 4.d4 h6 5.Bf4 Nf6 6.Nc3 Bb4 7.Bd2 O-O 8.Bd3 
Re8+ 9.Be2 Bg4 10.O-O Nc6 11.a3 Bxc3 12.Bxc3 Bxf3 13.Bxf3 Ne7 14.Re1 c6 
15.Bd2 Qb6 16.Bc3 Qc7 17.Rb1 Ng6 18.Qd3 Nf4 19.Qd1 Ne4 20.Bxe4 dxe4 21.Qg4
Nd5 22.Bd2 Re6 23.Rxe4 Nf6 24.Qf4 Qxf4 25.Rxf4 Re2 26.Rd1 Rae8 27.Rf3 Rxd2
28.Rc1 Rxc2 29.Rc3 Rce2 30.Kf1 Rxb2 31.g3 Ng4 32.R1c2 Rxc2 33.Rxc2 Nxh2+ 
34.Kg2 Ng4 35.Kf3 Nf6 36.Rb2 b5 37.Rc2 Rd8 38.Ke3 Rc8 39.f3 g5 40.g4 a5 
41.Rc5 b4 42.axb4 axb4 43.Rc4 Rb8 44.Rxc6 Nd5+ 45.Kd3 b3 46.Rc1 b2 47.Rb1 
Nb4+ 48.Kc3 Nd5+ 49.Kd3 f6 50.Kc4 Ne3+ 51.Kc3 Kf7 52.Rxb2 Rxb2 53.Kxb2 f5 
54.Kc3 fxg4 55.fxg4 Ke6 56.Kd3 Nxg4 57.Ke4 Nf6+ 58.Ke3 g4 59.Kf2 Kd5 60.
Ke3 h5 61.Kd3 g3 62.Ke3 h4 63.Kf3 Kxd4 64.Kg2 Ke3 65.Kf1 h3 66.Kg1 Kf3 67.
Kh1 Ng4 68.Kg1 h2+ 69.Kh1 g2# 0-1

[Event "R1-Tournefeuille3-Colomiers2"]
[Site "Colomiers"]
[Date "2004.11.07"]
[Round "2.5"]
[White "Egea, Claude"]
[Black "Nguyen, Sebastien"]
[Result "0-1"]
[WhiteElo "1710"]
[BlackElo "1590"]
[EventDate "2004.??.??"]
[PlyCount "38"]

1.d4 Nf6 2.Nf3 g6 3.c4 d6 4.Nc3 Bg7 5.e4 e5 6.d5 O-O 7.Be2 c6 8.O-O cxd5 
9.cxd5 Nbd7 10.b4 a5 11.b5 Nc5 12.Nd2 Qc7 13.Bb2 Bh6 14.f3 Nh5 15.Nb3 Be3+
16.Kh1 f5 17.Nxc5 Bxc5 18.Rc1 Qg7 19.Na4 Ng3+ 0-1

[Event "R1-Tournefeuille3-Colomiers2"]
[Site "Colomiers"]
[Date "2004.11.07"]
[Round "2.4"]
[White "Avdagic, Ajdin"]
[Black "Pinault, Ronan"]
[Result "1/2-1/2"]
[WhiteElo "1590"]
[BlackElo "1650"]
[EventDate "2004.??.??"]
[PlyCount "92"]

1.b3 d5 2.Bb2 c5 3.Nf3 Nc6 4.e3 Bg4 5.h3 Bh5 6.g4 Bg6 7.Bb5 a6 8.Bxc6+ 
bxc6 9.Ne5 Qc7 10.Qf3 e6 11.Nxg6 hxg6 12.d3 e5 13.Nd2 Bd6 14.O-O-O Ne7 15.
c4 a5 16.h4 a4 17.Kb1 axb3 18.Nxb3 Qa7 19.Kc2 Rb8 20.Kb1 Ra8 21.Kc2 Qb7 
22.Kb1 Qa6 23.Kc2 dxc4 24.dxc4 Qxc4+ 25.Kb1 Nd5 26.Rd2 Nb4 27.Bc3 Qxc3 28.
Rc1 e4 29.Qxe4+ Qe5 30.Qxe5+ Bxe5 31.Rxc5 Bc7 32.Nd4 Bb6 33.Re5+ Kf8 34.
Nf3 Nd5 35.e4 f6 36.Re6 Nc3+ 37.Kc2 Rxa2+ 38.Kxc3 Ba5+ 39.Kd3 Ra3+ 40.Ke2 
Bxd2 41.Kxd2 Rxf3 42.Rxc6 Rxf2+ 43.Ke3 Rb2 44.Rc8+ Kf7 45.Rxh8 Rb3+ 46.Kf4
Rh3 1/2-1/2

[Event "R1-Tournefeuille3-Colomiers2"]
[Site "Colomiers"]
[Date "2004.11.07"]
[Round "2.3"]
[White "Brochet, Thierry"]
[Black "Amblard, Philippe"]
[Result "1/2-1/2"]
[WhiteElo "1650"]
[BlackElo "1490"]
[EventDate "2004.??.??"]
[PlyCount "134"]

1.e4 e6 2.d4 d5 3.Nd2 Nf6 4.e5 Nfd7 5.Ngf3 c5 6.c3 Nc6 7.Bd3 Be7 8.O-O O-O
9.a3 a5 10.Re1 b6 11.Nf1 h6 12.Be3 f6 13.exf6 Rxf6 14.Ng3 Qe8 15.Bb5 Na7 
16.Bd3 Nc6 17.Qc2 c4 18.Bf1 Bd6 19.Bd2 Qf7 20.Be2 e5 21.dxe5 Ncxe5 22.Be3 
Bc5 23.Nd4 Nc6 24.Nxc6 Bxe3 25.fxe3 Rxc6 26.Rf1 Rf6 27.Bf3 Ne5 28.Be2 Bg4 
29.Rxf6 Qxf6 30.Rf1 Qe6 31.e4 Bxe2 32.exd5 Qxd5 33.Qxe2 Rf8 34.Rxf8+ Kxf8 
35.Qf2+ Kg8 36.Qe2 Qc5+ 37.Kf1 b5 38.Ne4 Qf8+ 39.Ke1 Nd3+ 40.Kd1 Qe7 41.
Kc2 Nc5 42.Ng3 Qxe2+ 43.Nxe2 Ne6 44.Nd4 Nc7 45.Kd2 Kf7 46.Ke3 Kf6 47.Ke4 
a4 48.Nf5 h5 49.Ne3 Ke6 50.Nf5 Kf6 51.Nd4 g6 52.h4 g5 53.g3 gxh4 54.gxh4 
Ne6 55.Nxb5 Nc5+ 56.Kd4 Kf5 57.Kxc5 Kg4 58.Nd4 Kxh4 59.Kd5 Kg4 60.Ke4 h4 
61.Nf3 h3 62.Ke3 Kg3 63.Ke2 Kg2 64.Ke3 Kg3 65.Ke4 Kg2 66.Ke3 Kg3 67.Ke2 
Kg2 1/2-1/2

[Event "R1-Tournefeuille3-Colomiers2"]
[Site "Colomiers"]
[Date "2004.11.07"]
[Round "2.2"]
[White "Artis, Paul"]
[Black "Devos, Herve"]
[Result "0-1"]
[WhiteElo "1520"]
[BlackElo "1803"]
[EventDate "2004.??.??"]
[PlyCount "48"]

1.e4 d6 2.d4 Nf6 3.Nc3 g6 4.Nf3 Bg7 5.Be2 O-O 6.O-O c6 7.Bg5 Bg4 8.Qd2 
Nbd7 9.Bh6 e5 10.Bxg7 Kxg7 11.Rad1 Qc7 12.Kh1 Rad8 13.Ng1 Bxe2 14.Ngxe2 b5
15.Ng3 h6 16.f4 Nb6 17.fxe5 Nfd7 18.exd6 Qxd6 19.e5 Nxe5 20.Nce4 Qe7 21.
Rf6 Ng4 22.Qf4 Nxf6 23.Rf1 Nxe4 24.Nxe4 Rxd4 0-1

[Event "R1-Tournefeuille3-Colomiers2"]
[Site "Colomiers"]
[Date "2004.11.07"]
[Round "2.1"]
[White "Roques, Pascal"]
[Black "Avdagic, Hilmija"]
[Result "1-0"]
[WhiteElo "2040"]
[BlackElo "1699"]
[EventDate "2004.??.??"]
[PlyCount "87"]

1.Nc3 e5 2.e4 Nf6 3.f4 d6 4.Nf3 exf4 5.d4 Be7 6.Bxf4 Bg4 7.Qd2 c6 8.O-O-O 
O-O 9.Bd3 Nbd7 10.h3 Bh5 11.g4 Bg6 12.Qg2 d5 13.e5 Ne4 14.Bxe4 dxe4 15.Nd2
Qa5 16.Kb1 Nb6 17.Ncxe4 Nd5 18.Qg3 Nb4 19.Qb3 Nd5 20.Bg3 b5 21.h4 h6 22.h5
Bh7 23.g5 Qb6 24.gxh6 gxh6 25.Bh4 Qd8 26.Bxe7 Qxe7 27.Qf3 f6 28.Nxf6+ Nxf6
29.exf6 Rxf6 30.Qb3+ Kh8 31.Rde1 Qf8 32.Qe3 Rf5 33.Ref1 Rd8 34.Rhg1 Rxf1+ 
35.Rxf1 Qg7 36.Nb3 Bg8 37.Rg1 Re8 38.Qc1 Qf8 39.Nc5 Bh7 40.Qd2 a5 41.Kc1 
a4 42.Nd7 Qf7 43.d5 Be4 44.Qd4+ 1-0

[Event "R1 Vic-Ste Foy"]
[Site "Ste Foy"]
[Date "2004.11.07"]
[Round "2.6"]
[White "Deliot, Philippe"]
[Black "Susini, Yannick"]
[Result "1/2-1/2"]
[WhiteElo "1360"]
[BlackElo "1550"]
[EventDate "2004.??.??"]
[PlyCount "107"]

1.d4 d5 2.Nc3 Nf6 3.e4 dxe4 4.f3 exf3 5.Nxf3 c5 6.Be3 Nc6 7.Qd2 cxd4 8.
Nxd4 e5 9.Nxc6 Qxd2+ 10.Bxd2 bxc6 11.O-O-O Bg4 12.Re1 Bd6 13.h3 Bf5 14.g4 
Be6 15.g5 Nd5 16.Ne4 Bb4 17.c3 Be7 18.Bg2 O-O 19.Rhf1 Rab8 20.Nf2 Rfd8 21.
Rxe5 Bd6 22.Re4 Re8 23.Ra4 Bc5 24.Nd3 Be3 25.Bxd5 Bxd2+ 26.Kxd2 Bxd5 27.
Rxa7 Ra8 28.Rxa8 Rxa8 29.a3 Bg2 30.Rf2 Bxh3 31.Ne5 Rb8 32.Kc1 Be6 33.Nxc6 
Rb5 34.Rd2 g6 35.Rg2 Bd5 36.Nd4 Rb6 37.Rf2 Kg7 38.b4 h6 39.gxh6+ Kxh6 40.
a4 f5 41.a5 Rf6 42.b5 Bb7 43.a6 Bxa6 44.bxa6 Rxa6 45.Kd2 Ra2+ 46.Ke3 Rxf2 
47.Kxf2 f4 48.Kf3 g5 49.Kg4 Kg6 50.c4 Kf6 51.c5 Ke5 52.c6 Kd6 53.Kf3 Kc7 
54.Ke4 1/2-1/2

[Event "R1 Vic-Ste Foy"]
[Site "Ste Foy"]
[Date "2004.11.07"]
[Round "2.5"]
[White "Trier, Marc"]
[Black "Labat, Axel"]
[Result "1-0"]
[WhiteElo "1490"]
[BlackElo "1260"]
[EventDate "2004.??.??"]
[PlyCount "69"]

1.e4 e5 2.f4 f6 3.Nf3 Nc6 4.Bc4 Nge7 5.fxe5 fxe5 6.O-O d5 7.exd5 Nxd5 8.
Nxe5 Bc5+ 9.Kh1 Ke7 10.Nf7 Bg4 11.Qe1+ Kd7 12.Nxd8 Raxd8 13.Bxd5 Rde8 14.
Bxc6+ bxc6 15.Qg3 Be2 16.Re1 Rhf8 17.Qxg7+ Be7 18.Qxf8 Rxf8 19.Nc3 Bc4 20.
d3 Be6 21.Bh6 Rf2 22.Re2 Rf7 23.Bg5 Rg7 24.Bxe7 Rxe7 25.Rae1 c5 26.Ne4 Rf7
27.Nxc5+ Kc6 28.Nxe6 a5 29.h3 Kd7 30.c4 Kd6 31.d4 c6 32.c5+ Kd5 33.b3 Rf5 
34.Re5+ Rxe5 35.Rxe5# 1-0

[Event "R1 Vic-Ste Foy"]
[Site "Ste Foy"]
[Date "2004.11.07"]
[Round "2.4"]
[White "Labat, Thierry"]
[Black "Moreau, Emilien"]
[Result "0-1"]
[WhiteElo "1360"]
[BlackElo "1520"]
[EventDate "2004.??.??"]
[PlyCount "34"]

1.d4 d5 2.c4 c6 3.e3 Nf6 4.Nc3 e6 5.Nf3 Nbd7 6.Bd3 Bd6 7.O-O O-O 8.Bd2 e5 
9.e4 exd4 10.Nxd4 c5 11.Ndb5 Ne5 12.Qe2 Nxd3 13.Qxd3 dxe4 14.Qe3 Bxh2+ 15.
Kh1 Ng4 16.Qe2 Qh4 17.Nxe4 Bg1+ 0-1

[Event "R1 Vic-Ste Foy"]
[Site "Ste Foy"]
[Date "2004.11.07"]
[Round "2.3"]
[White "Moro, Sébastien"]
[Black "Misiaszek, Stephan"]
[Result "0-1"]
[WhiteElo "1499"]
[BlackElo "1499"]
[EventDate "2004.??.??"]
[PlyCount "74"]

1.e4 c5 2.Nf3 d6 3.h3 g6 4.Bc4 Bg7 5.c3 Nc6 6.d4 cxd4 7.cxd4 Nf6 8.Nc3 a6 
9.Ng5 O-O 10.Qb3 e6 11.Qc2 Nxd4 12.Qd3 e5 13.Be3 b5 14.Bd5 Nxd5 15.Nxd5 
Bb7 16.O-O-O Bxd5 17.exd5 Qa5 18.Kb1 b4 19.Bd2 Qxd5 20.f3 a5 21.Rhg1 Rfb8 
22.f4 f6 23.Ne4 b3 24.a3 f5 25.Nc3 Qf7 26.g4 e4 27.Qg3 d5 28.h4 Nf3 29.Rg2
d4 30.Ne2 Rc8 31.Be1 Rc2 32.Ng1 Nxe1 33.Rxe1 d3 34.gxf5 Qf6 35.Rxc2 bxc2+ 
36.Kc1 Qxb2+ 37.Kd2 c1=Q# 0-1

[Event "R1 Vic-Ste Foy"]
[Site "Ste Foy"]
[Date "2004.11.07"]
[Round "2.2"]
[White "Ajdari, Emmanuel"]
[Black "Thimognier, Victor"]
[Result "0-1"]
[WhiteElo "1680"]
[BlackElo "1490"]
[EventDate "2004.??.??"]
[PlyCount "94"]

1.e4 e6 2.d4 d5 3.Nd2 c5 4.exd5 Qxd5 5.Ngf3 Nf6 6.Bc4 Qd8 7.Nb3 cxd4 8.
Nbxd4 Bc5 9.Bf4 O-O 10.O-O Qb6 11.Nb3 Rd8 12.Qe2 Nc6 13.Nxc5 Qxc5 14.Rfd1 
Rxd1+ 15.Rxd1 Bd7 16.Bd6 Qb6 17.b4 Nxb4 18.Be7 Nbd5 19.Bxf6 Nxf6 20.Ne5 
Rd8 21.Qd3 Qc5 22.Qe2 a6 23.Bb3 Qc7 24.Nxd7 Rxd7 25.h3 Rxd1+ 26.Qxd1 g6 
27.Qd4 e5 28.Qh4 Kg7 29.g4 Qc3 30.g5 Qe1+ 31.Kh2 Ne4 32.Qh6+ Kg8 33.Bxf7+ 
Kxf7 34.Qxh7+ Ke6 35.Qxg6+ Kd5 36.Qf7+ Kd4 37.Qd7+ Kc3 38.Qd3+ Kb2 39.Qb3+
Kc1 40.Qe3+ Qxe3 41.fxe3 Nxg5 42.h4 Nf7 43.c4 Kd2 44.h5 Kxe3 45.Kg3 Nh6 
46.Kh4 Kf4 47.c5 e4 0-1

[Event "R1 Vic-Ste Foy"]
[Site "Ste Foy"]
[Date "2004.11.07"]
[Round "2.1"]
[White "Labat, Jory"]
[Black "Lacresse, Régis"]
[Result "0-1"]
[WhiteElo "1590"]
[BlackElo "1860"]
[EventDate "2004.??.??"]
[PlyCount "64"]

1.d4 Nf6 2.c4 e5 3.e3 exd4 4.exd4 d5 5.c5 b6 6.b4 a5 7.Ba3 axb4 8.Bxb4 
bxc5 9.dxc5 c6 10.Nc3 Na6 11.Qa4 Nxb4 12.Qxb4 Qa5 13.Qxa5 Rxa5 14.Rb1 Bxc5
15.Nf3 O-O 16.Be2 Re8 17.Nd2 d4 18.Nb3 Ra3 19.Nxc5 Rxc3 20.Na4 Rc2 21.O-O 
Rcxe2 22.Rfd1 Bf5 23.Ra1 Bc2 24.Rdc1 Bxa4 25.g3 d3 26.Rc4 Bb5 27.Rd4 c5 
28.Rd6 d2 29.Kg2 Ne4 30.Rd5 Nxf2 31.Kf3 Bc6 32.g4 R8e3+ 0-1

[Event "R1 Ramonville2-CEIT4"]
[Site "CEIT"]
[Date "2004.11.07"]
[Round "2.6"]
[White "Arnould, Francoise"]
[Black "Reglade, Michel-Antoine"]
[Result "0-1"]
[WhiteElo "1280"]
[BlackElo "1499"]
[EventDate "2004.??.??"]
[PlyCount "78"]

1.Nf3 d5 2.d4 c6 3.g3 Nf6 4.Nc3 Bf5 5.Bg2 e6 6.Nh4 Bg4 7.h3 Bh5 8.g4 Bg6 
9.Nxg6 hxg6 10.Bg5 Bb4 11.O-O Nbd7 12.Qd3 Be7 13.Bxf6 Nxf6 14.f4 Bd6 15.e4
dxe4 16.Nxe4 Be7 17.c4 Qb6 18.g5 Nh5 19.Kh2 O-O-O 20.c5 Qc7 21.Qe3 f6 22.
Kg1 f5 23.Ng3 Nxg3 24.Qxe6+ Qd7 25.Qxd7+ Rxd7 26.Rfd1 Rhd8 27.Rd3 Ne2+ 28.
Kf2 Nxf4 29.Ra3 Kb8 30.Rd1 Nxg2 31.Kxg2 Rxd4 32.Re1 Bxc5 33.Rb3 Rd2+ 34.
Kf3 R8d4 35.Rc3 Bb4 36.Re6 Bxc3 37.bxc3 R2d3+ 38.Kg2 Rxc3 39.Rxg6 Rd2+ 0-1

[Event "R1 Ramonville2-CEIT4"]
[Site "CEIT"]
[Date "2004.11.07"]
[Round "2.5"]
[White "Rizzo, Carlo"]
[Black "Chevalier, Pierre"]
[Result "1-0"]
[WhiteElo "1560"]
[BlackElo "1300"]
[EventDate "2004.??.??"]
[PlyCount "69"]

1.c4 c5 2.g3 Nc6 3.Bg2 b6 4.Nc3 Nf6 5.Nf3 Bb7 6.O-O e6 7.e4 d6 8.e5 Nxe5 
9.Nxe5 Bxg2 10.Nxf7 Kxf7 11.Kxg2 Qd7 12.Qf3 Rc8 13.b3 Qc6 14.Qxc6 Rxc6 15.
f3 Be7 16.Ne4 Ke8 17.Bb2 h6 18.Rae1 Rf8 19.d4 cxd4 20.Bxd4 Rc8 21.Bxf6 
gxf6 22.Rd1 Rc6 23.f4 f5 24.Nc3 a6 25.Rfe1 b5 26.Rxe6 Kf7 27.Rxh6 Ke8 28.
Nd5 Kd7 29.Rh7 Re8 30.Nf6+ Kd8 31.Nxe8 Kxe8 32.Re1 Rc7 33.cxb5 axb5 34.Kh3
Kd7 35.Rexe7+ 1-0

[Event "R1 Ramonville2-CEIT4"]
[Site "CEIT"]
[Date "2004.11.07"]
[Round "2.4"]
[White "Tovar Gonzalez, Jesus Antonio"]
[Black "Nicq-Beothy, Ambre"]
[Result "0-1"]
[WhiteElo "1499"]
[BlackElo "1560"]
[EventDate "2004.??.??"]
[PlyCount "132"]

1.e4 c6 2.Nf3 d5 3.e5 Bf5 4.d4 e6 5.Be2 Nd7 6.O-O Ne7 7.c4 c5 8.cxd5 Nxd5 
9.Nc3 Nxc3 10.bxc3 Be7 11.d5 exd5 12.Qxd5 Rb8 13.Bc4 O-O 14.Be3 Be6 15.Qe4
Bxc4 16.Qxc4 Qc7 17.Bf4 Qc6 18.e6 Nb6 19.Qe2 Rbd8 20.Ng5 Bxg5 21.Bxg5 Rd5 
22.exf7+ Rxf7 23.Qg4 Qd7 24.Qg3 a6 25.Rfe1 Rd3 26.Qb8+ Nc8 27.Qe5 b6 28.
Qe8+ Qxe8 29.Rxe8+ Rf8 30.Re3 Rxe3 31.Bxe3 Rd8 32.Bf4 Rd3 33.Be5 b5 34.f4 
Rd2 35.a3 Kf7 36.g4 Nb6 37.Rb1 Rc2 38.h4 Na4 39.Rd1 Ke7 40.Bxg7 Nxc3 41.
Re1+ Kf7 42.Be5 Nd5 43.g5 Ra2 44.Rd1 Ke6 45.Re1 Kf7 46.Rd1 Ke6 47.h5 Rxa3 
48.Re1 Kf5 49.Re2 Nxf4 50.Bxf4 Kxf4 51.g6 hxg6 52.h6 Rd3 53.Re8 Rd7 54.Re6
a5 55.Rxg6 Rh7 56.Kg2 b4 57.Kh3 Kf5 58.Rc6 c4 59.Kh4 b3 60.Kh5 a4 61.Rg6 
b2 62.Rb6 c3 63.Rb5+ Kf4 64.Rb4+ Ke3 65.Kg6 Rxh6+ 66.Kxh6 Kd2 0-1

[Event "R1 Ramonville2-CEIT4"]
[Site "CEIT"]
[Date "2004.11.07"]
[Round "2.3"]
[White "mary, Jean-Francois"]
[Black "Lenoir, Patrice"]
[Result "1-0"]
[WhiteElo "1590"]
[BlackElo "1480"]
[EventDate "2004.??.??"]
[PlyCount "127"]

1.d4 Nf6 2.Nf3 e6 3.Bg5 d5 4.c4 Be7 5.Nc3 Nbd7 6.Qc2 c6 7.e4 dxe4 8.Nxe4 
Nxe4 9.Bxe7 Qxe7 10.Qxe4 Qb4+ 11.Nd2 Qe7 12.Bd3 Nf6 13.Qe2 O-O 14.O-O Rd8 
15.Nf3 h6 16.Rad1 Rb8 17.Bb1 b6 18.Qc2 Bb7 19.Rfe1 Rbc8 20.Ne5 g6 21.Re3 
Qf8 22.Nxg6 fxg6 23.Qxg6+ Qg7 24.Qd3 Kh8 25.Rg3 Qf7 26.Rg6 Ng8 27.Re1 Rf8 
28.f3 Rce8 29.Rgxe6 Rxe6 30.Rxe6 Bc8 31.Rxc6 Bf5 32.Qf1 Re8 33.d5 Bxb1 34.
Qxb1 Qh7 35.Qxh7+ Kxh7 36.Rc7+ Re7 37.Rxe7+ Nxe7 38.Kf2 Kg7 39.Ke3 Kg6 40.
Ke4 Kf6 41.h4 Nc8 42.Kf4 Nd6 43.b3 a5 44.g4 a4 45.g5+ hxg5+ 46.hxg5+ Kg6 
47.Ke5 axb3 48.axb3 Nf7+ 49.Ke6 Nxg5+ 50.Kd6 Nxf3 51.Kc7 Nd4 52.d6 Ne6+ 
53.Kxb6 Kf7 54.c5 Ke8 55.c6 Kd8 56.b4 Kc8 57.d7+ Kd8 58.Kb7 Nc7 59.Kb6 
Nd5+ 60.Kb7 Nc7 61.Kb6 Na8+ 62.Kc5 Kc7 63.b5 Nb6 64.d8=Q+ 1-0